000
00328nam a2200145Ia 4500
008
231217s9999 xx 000 0 und d
041
_a
English
082
_a
001.6424C NAG `R'
100
_a
Nagler, Eric
245
0
_a
Learning C++
260
_c
NULL
_b
Mumbai : Jaico,
300
_a
xix+658
650
_a
C++
942
_c
AA
999
_c
166818
_d
166818